000 00251nam a2200109Ia 4500
008 170627s9999 xx 000 0 und d
100 _aMILKOVICH
245 0 _aPERSONNEL HUMAN RESOURCE MANAGEMENT
260 _bAITBS
260 _c2004
546 _aENGLISH
690 _aMANAGEMENT
999 _c35441
_d35441